[Event "Antofagasta Zicosur op 3rd"]
[Site "Antofagasta"]
[Date "2017.01.11"]
[Round "2"]
[White "Amaro Tapia, Gino"]
[Black "Pichot, Alan"]
[Result "0-1"]
[WhiteElo "2135"]
[BlackElo "2548"]
[PlyCount "68"]
[EventDate "2017.01.10"]
[EventType "swiss"]
[EventRounds "9"]
[EventCountry "CHI"]
[SourceTitle "CBM 176 Extra"]
[Source "ChessBase"]
[SourceDate "2017.03.02"]
[SourceVersion "1"]
[SourceVersionDate "2017.03.02"]
[SourceQuality "1"]

1. d4 Nf6 2. c4 g6 3. Nc3 Bg7 4. e4 d6 5. Nf3 0-0 6. h3 e5 7. d5 Nh5 8. Bg5 Qe8 9. Qd2 f5 10. Bh6 Na6 11. Bxg7 Kxg7 12. Qc2 Bd7 13. a3 Nc5 14. Nd2 a5 15. g3 a4 16. Be2 Nf6 17. 0-0-0 Nfxe4 18. Ncxe4 fxe4 19. Nxe4 Bf5 20. f3 Bxe4 21. fxe4 Rf2 22. Rhf1 Qf8 23. Kb1 Qf6 24. Qc1 Rf8 25. Qe3 Nb3 26. Rde1 Nd4 27. Rxf2 Qxf2 28. Bd1 Qg2 29. Bxa4 Rf2 30. Qc3 Nf3 31. Re3 Nd2+ 32. Ka2 Nxe4 33. Qb4 b6 34. Re1 Re2 0-1

[Event "CHI-ch sf Santiago"]
[Site "Santiago de Chile"]
[Date "2016.12.10"]
[Round "4.3"]
[White "Amaro Tapia, Gino"]
[Black "Mesias Rojas, Rabindranath"]
[Result "0-1"]
[WhiteElo "2162"]
[BlackElo "2250"]
[PlyCount "91"]
[EventDate "2016.12.08"]
[EventType "swiss"]
[EventRounds "8"]
[EventCountry "CHI"]
[SourceTitle "EXT 2024"]
[Source "ChessBase"]
[SourceDate "2023.10.10"]
[SourceVersion "1"]
[SourceVersionDate "2023.10.10"]
[SourceQuality "1"]

1. d4 Nf6 2. c4 c5 3. d5 e5 4. Nc3 d6 5. e4 g6 6. Be2 Bg7 7. h4 h5 8. f3 a6 9. Be3 Bh6 10. Bxh6 Rxh6 11. Qd2 Rh8 12. a3 Nbd7 13. Nh3 Kf8 14. Nf2 Kg7 15. b4 b6 16. Rb1 Rb8 17. Nd3 Ne8 18. g3 Qe7 19. Kf2 Rf8 20. Bf1 Nc7 21. Bh3 b5 22. Bxd7 Bxd7 23. bxc5 bxc4 24. Nb2 Nb5 25. Nxb5 axb5 26. c6 Bc8 27. Nxc4 bxc4 28. Rxb8 Qa7+ 29. Kg2 Qxb8 30. Qb4 Qc7 31. a4 f5 32. Re1 fxe4 33. Rxe4 Qf7 34. Qc3 Qxd5 35. Qxc4 Qxc4 36. Rxc4 Be6 37. Rc1 Bd5 38. Rc3 Kf7 39. a5 Rc8 40. c7 Bb7 41. Kf2 Ke7 42. f4 Kd7 43. fxe5 dxe5 44. Rc5 Kd6 45. Rb5 Rxc7 46. Rb6+ 0-1